Minimum Wage and Its Relation to Unemployment in Slovak Regions

Aspekty minimálnej mzdy v rámci regiónov Slovenska. Vzťah minimálnej mzdy k zamestnanosti použitím parametrov min. mzda, životné minimum, dávka v nezamestnanosti a počet jej odberateľov. Rozdielne dopady minimálnej mzdy na regióny SR.

Salvato in:
Dettagli Bibliografici
Autore principale: Vlčková, Viera
Altri autori: Palaščáková, Daniela
Natura: Capitolo di libro
Lingua:inglese
Soggetti:
Tags: Aggiungi Tag
Nessun Tag, puoi essere il primo ad aggiungerne!!

MARC

LEADER 00000naa$a2200000$$$4500
001 0193056
005 20240502083447.5
041 0 |a eng 
044 |a UA 
245 1 0 |a Minimum Wage and Its Relation to Unemployment in Slovak Regions  |c Viera Vlčková, Daniela Palaščáková 
520 |a Aspekty minimálnej mzdy v rámci regiónov Slovenska. Vzťah minimálnej mzdy k zamestnanosti použitím parametrov min. mzda, životné minimum, dávka v nezamestnanosti a počet jej odberateľov. Rozdielne dopady minimálnej mzdy na regióny SR. 
610 2 0 |a mzdy minimálne 
610 2 0 |a nezamestnanosť 
610 2 0 |a ukazovatele makroekonomické 
610 2 0 |a mzdy priemerné 
610 2 0 |a regióny 
610 2 0 |a úrady štatistické 
610 2 0 |a dávky v nezamestnanosti 
100 1 |a Vlčková, Viera 
700 1 |a Palaščáková, Daniela